000 00629nam a2200217Ia 4500
003 BUBTL
008 151213s9999 xx 000 0 und d
082 _a342/ T155c/ 1987
100 _a Tandon, M.P.
_94261
245 _aComparative Constitutional Law:
_cM.P. Tandon & R. Tandon
250 _a3rd
260 _aNew Delhi
_bStarling Publishers (P) Ltd.
_cc1987
300 _a[ix] , 878 p. :
_bill. ;
_c22 cm .
500 _aIncludes Index.
650 _aLaw
650 _aLaw
_94263
700 _aM.P. Tandon & R. Tandon
_94569
856 _k0
_l0
_yDownload
942 _2ddc
_cBK
999 _c3662
_d3662